000 00954cam a22002654a 4500
003 UPN
005 20240924071318.0
008 220221s1987 es ||||| |||| 00| 1 spa d
020 _a8434586045
040 _aUPN
_bspa
_cUPN
050 4 _aPZ78
_bR6.33
100 1 _aRodari, Gianni,
_d1920-1980
_931875
240 1 0 _aNovelle fatte a machina.
_lEspañol
245 1 0 _aCuentos escritos a máquina /
_cGianni Rodari ; traducción de Esther Benítez ; ilustraciones de Fuencisla del Amo.
260 _aBarcelona, Esp.:
_bSalvat :
_bAlfaguara,
_c1987.
300 _a 270 páginas :
_bilustraciones
490 _aBiblioteca juvenil ;
_v24
500 _aTraducción de: Novelle fatte a machina.
650 4 _aLiteratura juvenil
_95153
650 4 _aLiteratura italiana
_ySiglo XX
_918897
650 4 _aLiteratura infantil
_94445
700 1 _aBenítez, Esther,
_etr.
_943827
700 1 _aAmo, Fuencisla del,
_d1950-
_eilustradora
_943828
942 _2lcc
_cLIBRO
999 _c208184
_d208184